| 000 | 00700nam a2200229 i 4500 | ||
|---|---|---|---|
| 001 | 86198 | ||
| 003 | ES-MaACL | ||
| 005 | 20250804062538.0 | ||
| 007 | t| | ||
| 008 | 041209s1974 sp ||||1| spa d | ||
| 100 | 1 |
_aKamen, Henry. _967471 |
|
| 245 | 1 | 3 |
_aLa Inquisición española / _cHenry Kamen ; [traductor: Enrique de Obregón]. |
| 250 | _a[2ª ed.]. | ||
| 260 |
_aMadrid : _bAlianza, _c[1974] |
||
| 300 |
_a342 p. ; _c18 cm. |
||
| 490 | 1 |
_aEl libro de bolsillo ; _v438 |
|
| 650 | 4 |
_aInquisición- _zEspaña- _vHistoria. _913799 |
|
| 700 | 1 |
_aObregón, Enrique de. _986425 |
|
| 830 | 0 | 3 |
_aEl libro de bolsillo _v438 _9177802 |
| 852 |
_aES-MaACL _jE-7197 _bR.91249 |
||
| 999 |
_c86198 _d86198 |
||